00361nam a2200109Ia 4500008004100000100001700041245003500058260006900093300001100162650001000173856006800183160712s9999 xx 000 0 und d aLa Verne, C. cC. La VerneaVoice. Gaze. Body c2015bLikhaan: The Journal of Contemporary Philippine Literature avol. 9 xESSAY uhttp://journals.upd.edu.ph/index.php/lik/issue/view/539/showToc